Normal view MARC view

Entry Personal Name

Number of records used in: 1

001 - CONTROL NUMBER

  • control field: 1339

003 - CONTROL NUMBER IDENTIFIER

  • control field: TR-AnCHP

005 - DATE AND TIME OF LATEST TRANSACTION

  • control field: 20190110165445.0

008 - FIXED-LENGTH DATA ELEMENTS

  • fixed length control field: 1901101016n|cannaabn |n|d ||

040 ## - CATALOGING SOURCE

  • Original cataloging agency: TR-AnCHP

100 10 - HEADING--PERSONAL NAME

  • Personal name: Altun, Mehmet

670 ## - SOURCE DATA FOUND

  • Source citation: Altun, Mehmet.
  • Information found: Ortak aklı ararkenTÜSİAD'ın ilk on yılı 1970-1980Anılar, yorumlar, belgelerMehmet Altun